000 00584nam a2200193Ia 4500
008 240729s9999 xx 000 0 und d
022 _a2329-4248
245 0 _aNeurophotonics
260 _aUnited States
260 _bSPIE
650 _a Applied optics. Photonics | Medicine
650 _a Engineering (General). Civil engineering (General)
650 _a Internal medicine
650 _a Neurosciences. Biological psychiatry. Neuropsychiatry
650 _aTechnology
856 _uhttps://doaj.org/toc/7c17477d7f9e4ab2956f0d552a642ed3
942 _2ddc
942 _cDOAJEJ
999 _c65710
_d65710
945 _a1
_bMadushi Gamage
_c1
_dMadushi Gamage